| 000 | 01580nam1a22003371 4500 | ||
|---|---|---|---|
| 001 | rc\4598068 | ||
| 005 | 20130416193341.6 | ||
| 021 |
_aRU _b[66-1007] |
||
| 021 |
_aRU _b[66-10100] |
||
| 035 | _a(NLR Aleph) 008665432 | ||
| 090 |
_a9087539 _c9087539 |
||
| 100 | _a20130416d1965 |||y0rusy50 ca | ||
| 101 | 0 | _arus | |
| 102 | _aRU | ||
| 105 | _a z ||||| | ||
| 200 | 1 |
_aПрименение электронно-счетной машины для решения спектро-аналитических задач методом интегральных графиков _e[В 3 ч.] _eЧ. 1- _fО-во "Знание" УССР. Киевский дом науч.-техн. пропаганды. Семинар "Физ. оптика и спектроскопия" |
|
| 210 |
_aКиев _cБ. и. _d1965 |
||
| 215 | _d20 | ||
| 225 | 1 | _a[Лекция] | |
| 300 | _aАвт. указаны в конце книги: Миленина Д.П., Рудневский Н.К., Топалов Л.И. | ||
| 300 | _aНа обл. только загл. серии: Физ. оптика и спектроскопия | ||
| 606 |
_aЦифровые вычислительные машины _xПрограммы _2psbo |
||
| 606 |
_aСпектрограммы _xРасчет на счетных машинах _2psbo |
||
| 700 | 1 |
_aМиленина _bД. П. |
|
| 701 | 1 |
_aРудневский _bН. К. |
|
| 701 | 1 |
_aТопалов _bЛ. И. _gЛеонид Иванович |
|
| 801 | 0 |
_aRU _bNLR _gpsbo |
|
| 801 | 1 |
_aRU _bELAR _2rusmarc |
|
| 852 |
_aNLR _j66-4/1015 |
||
| 942 | _cBOOK | ||
| 980 | _aNB | ||